Breeding and improvement of farm animals, (Record no. 11362)

MARC details
000 -LEADER
fixed length control field 01010cam a22002891 4500
001 - CONTROL NUMBER
control field agr51000502
003 - CONTROL NUMBER IDENTIFIER
control field DLC
005 - DATE AND TIME OF LATEST TRANSACTION
control field 20260227111015.0
008 - FIXED-LENGTH DATA ELEMENTS--GENERAL INFORMATION
fixed length control field 750829s1951 nyuac b 000 0 eng c
010 ## - LIBRARY OF CONGRESS CONTROL NUMBER
LC control number agr51000502
015 ## - NATIONAL BIBLIOGRAPHY NUMBER
National bibliography number GB51-1735
035 ## - SYSTEM CONTROL NUMBER
System control number (OCoLC)1581490
040 ## - CATALOGING SOURCE
Original cataloging agency U.S. Dept. of Agr. Libr.
Transcribing agency FMU
Modifying agency OCoLC
-- Uk
-- DLC
042 ## - AUTHENTICATION CODE
Authentication code premarc
050 00 - LIBRARY OF CONGRESS CALL NUMBER
Classification number SF105
Item number .R5 1951
082 ## - DEWEY DECIMAL CLASSIFICATION NUMBER
Classification number 636.0824
100 1# - MAIN ENTRY--PERSONAL NAME
Personal name Rice, Victor Arthur,
Dates associated with a name 1890-1964.
245 00 - TITLE STATEMENT
Title Breeding and improvement of farm animals,
Statement of responsibility, etc. by Victor Arthur Rice and Frederick Newcomb Andrews, with chapter on Selection in meat animals by Everett James Warwick.
250 ## - EDITION STATEMENT
Edition statement 4th ed.
260 ## - PUBLICATION, DISTRIBUTION, ETC.
Place of publication, distribution, etc. New York,
Name of publisher, distributor, etc. McGraw-Hill,
Date of publication, distribution, etc. 1951.
300 ## - PHYSICAL DESCRIPTION
Extent xii, 787 p.
Other physical details illus., ports.
Dimensions 24 cm.
440 #0 - SERIES STATEMENT/ADDED ENTRY--TITLE
Title McGraw-Hill publications in the agricultural sciences
504 ## - BIBLIOGRAPHY, ETC. NOTE
Bibliography, etc. note Includes bibliographies.
650 #0 - SUBJECT ADDED ENTRY--TOPICAL TERM
Topical term or geographic name entry element Livestock.
700 1# - ADDED ENTRY--PERSONAL NAME
Personal name Andrews, Frederick Newcomb,
Dates associated with a name 1914-
Relator term joint author.
700 1# - ADDED ENTRY--PERSONAL NAME
Personal name Warwick, Everett James,
Dates associated with a name 1917-

No items available.

Powered by Koha